Handbook for sound engineers: the new audio cyclopedia. (2nd ed.) (Record no. 76087)

MARC details
000 -LEADER
fixed length control field 01416nam a2200241 a 4500
008 - FIXED-LENGTH DATA ELEMENTS--GENERAL INFORMATION
fixed length control field 120416s1998 ||||||||||||||||| || u
020 ## - INTERNATIONAL STANDARD BOOK NUMBER
International Standard Book Number 0240803310
050 ## - LIBRARY OF CONGRESS CALL NUMBER
Classification number TA 365 HAN
100 ## - MAIN ENTRY--PERSONAL NAME
Personal name Ballou, Glen
245 10 - TITLE STATEMENT
Title Handbook for sound engineers: the new audio cyclopedia. (2nd ed.)
Statement of responsibility, etc. edited by Glen Ballou
250 ## - EDITION STATEMENT
Edition statement 2nd ed.
260 ## - PUBLICATION, DISTRIBUTION, ETC.
Place of publication, distribution, etc. Boston
Name of publisher, distributor, etc. Focal Press
Date of publication, distribution, etc. 1998
300 ## - PHYSICAL DESCRIPTION
Extent xx, 1506p. : ill.
350 ## -
-- 0.00
650 ## - SUBJECT ADDED ENTRY--TOPICAL TERM
Topical term or geographic name entry element Sound - Recording and reproducing - Equipment and supplies - Handbooks, manuals, etc
650 ## - SUBJECT ADDED ENTRY--TOPICAL TERM
Topical term or geographic name entry element Sound - Recording and reproducing - Handbooks, manuals, etc
995 ## -
-- REFERENCE BOOKS
-- 0.00
-- 735169
-- CBU-MAIN LIBRARY (Kitwe)
-- 2
-- 70.00
-- TA 365 Han
-- 2
-- REFERENCE
-- 48382
-- Reference Collection
995 ## -
-- REFERENCE BOOKS
-- 0.00
-- 735171
-- CBU-MAIN LIBRARY (Kitwe)
-- 3
-- 70.00
-- TA 365 Han
-- 3
-- REFERENCE
-- 48384
-- Reference Collection
995 ## -
-- REFERENCE BOOKS
-- 0.00
-- 735170
-- CBU-MAIN LIBRARY (Kitwe)
-- 1
-- 70.00
-- TA 365 Han
-- 1
-- REFERENCE
-- 48381
-- Reference Collection
995 ## -
-- REFERENCE BOOKS
-- 0.00
-- 735168
-- CBU-MAIN LIBRARY (Kitwe)
-- 5
-- 70.00
-- TA 365 HAN
-- 5
-- REFERENCE
-- 48379
-- Reference Collection
995 ## -
-- REFERENCE BOOKS
-- 0.00
-- 735166
-- CBU-MAIN LIBRARY (Kitwe)
-- 6
-- 70.00
-- TA 365 HAN
-- 6
-- REFERENCE
-- 48377
-- Reference Collection
995 ## -
-- REFERENCE BOOKS
-- 0.00
-- 735167
-- CBU-MAIN LIBRARY (Kitwe)
-- 4
-- 70.00
-- TA 365 HAN
-- 4
-- REFERENCE
-- 48380
-- Reference Collection
999 ## -
-- 76087
-- 76087
Holdings
Withdrawn status Lost status Source of classification or shelving scheme Damaged status Not for loan Permanent Location Current Location Shelving location Date acquired Total Checkouts Full call number Barcode Date last seen Copy number Price effective from Koha item type
          CBU-MAIN LIBRARY, KITWE. CBU-MAIN LIBRARY, KITWE.   04/25/2023   TA 365 HAN 48382 04/25/2023 1 04/25/2023 REFERENCE COLLECTION
          CBU-MAIN LIBRARY, KITWE. CBU-MAIN LIBRARY, KITWE.   04/25/2023   TA 365 HAN 48384 04/25/2023 2 04/25/2023 REFERENCE COLLECTION
          CBU-MAIN LIBRARY, KITWE. CBU-MAIN LIBRARY, KITWE.   04/25/2023   TA 365 HAN 48381 04/25/2023 3 04/25/2023 REFERENCE COLLECTION
          CBU-MAIN LIBRARY, KITWE. CBU-MAIN LIBRARY, KITWE.   04/25/2023   TA 365 HAN 48379 04/25/2023 4 04/25/2023 REFERENCE COLLECTION
          CBU-MAIN LIBRARY, KITWE. CBU-MAIN LIBRARY, KITWE.   04/25/2023   TA 365 HAN 48377 04/25/2023 5 04/25/2023 REFERENCE COLLECTION
          CBU-MAIN LIBRARY, KITWE. CBU-MAIN LIBRARY, KITWE.   04/25/2023   TA 365 HAN 48380 04/25/2023 6 04/25/2023 REFERENCE COLLECTION